000 02096nam a2200265 a 4500
001 BRCA_8891
005 20190320210440.0
008 150617s1791----sp-#######---#000-0#lat-#
041 _alat
084 _aCO50
_b.A58 1791
100 1 _aAntonio de San Joseph (O.C.D.)
_922124
245 1 0 _aCompendium salmanticense
_bin duos tomos distributum: universae theologiae moralis quaestiones Brevi, ac perspicuo stylo complectens ad saniorem doctrinam melioremque methodum prae antiquo cursu redactum: duce Angelico Praeceptore bullis, ac pontificum decretis praesertim novissimis auctum, & illustratum
_cauthore R.P.F. Antonio A San Joseph; Tomus primus; Editio quarta.
250 _a4a ed.
260 _aPampebre
_bApud Benedictum Cosculluella, el Joseph Longas
_c1791
300 _aXX, 600 p. (t.1)
_c29.5 x 20 cm
500 _aSuperiorum permissu
500 _aEn portada: Ab codem Authore novissime correcta, & quibusdam additionibus scitu dignis locupletata
500 _aEstado físico: presenta encuadernación en pergamino con presencia del pez de plata y lomo desprendido
500 _aCon marca de fuego: “Procedencia de la marca: Colegio de Nuestra Señora del Carmen de Valladolid (Morelia, Michoacán) (1). Institución: Orden de Carmelitas Descalzos. Provincia de San Alberto de México. Descripción: Variación sobre las armas de la Orden del Monte Carmelo. Un mantel sumado de una cruz cargado de una estrella. Al timbre, corona real abierta. Observaciones: Saavedra y Carlos Krausse incluyen una marca muy parecida, pues carece del elemento descrito como borla o estrella que se relaciona como un pendón, ellos la atribuyen al Convento del Carmen de Valladolid, hoy Morelia. Ubicación de la marca en el libro: Canto superior”
650 1 4 _aÉtica cristiana
_yObras anteriores a 1800
_922125
650 1 4 _aIglesia católica
_yObras anteriores a 1800
_922126
856 _ahttp://www.marcasdefuego.buap.mx:8180/xmLibris/projects/firebrand/item.jsp?repository=marcas_de_fuego&key=marcas_de_fuego_carmelitas_20151127110131_2025.xml&num=32
902 _aCFM
942 _2lcc
_cB
999 _c8542
_d8542